Venomous and poisonous marine animals: a medical and biological handbook

Saved in:
Bibliografiske detaljer
Main Authors: Williamson, John A (Author), Fenner, Peter J (Author), Burnett, Joseph (Author), Rifkin, Jacqueline F (Author)
Format: Bog
Sprog:engelsk
Udgivet: Sydney University of New South 1996
Fag:
Tags: Tilføj Tag
Ingen Tags, Vær først til at tagge denne postø!

MARC

LEADER 00000nam a2200000 a 4500
001 UCM7977
003 CL-VaPUC
008 030117e19960000AT |||||||||||||||||eng|d
082 0 4 |a 591.65  |b WIL  |2 21 
100 0 |a Williamson, John A  |e author  |9 473791 
700 0 |a Fenner, Peter J  |e author  |9 473792 
700 0 |a Burnett, Joseph  |e author  |9 473793 
700 0 |a Rifkin, Jacqueline F  |e author  |9 473794 
245 1 0 |a Venomous and poisonous marine animals: a medical and biological handbook 
300 |a 504 p 
942 |c BK 
945 |d 20030117 00:00:00  |a cmena 
260 |a Sydney  |b University of New South  |c 1996 
650 0 |a Animales venenosos   |9 473795 
650 7 |a MEDUSAS  |2 CL-VaPUC  |9 473796 
650 0 |a Animales marinos  |9 367995 
650 0 |a Atención médica  |9 337119 
650 7 |a ENVENENAMIENTO  |2 CL-VaPUC  |9 338530 
583 |a last modification  |c 20030117 00:00:00  |k Rodrigo Vera 
999 |c 302598  |d 302596 
952 |0 0  |1 0  |2 ddc  |4 0  |6 591_650000000000000_WIL_1996  |7 0  |8 CCM  |9 363276  |a BIBCUR  |b BIBCUR  |d 2019-11-21  |i 3871908  |o 591.65 WIL 1996  |p 3871908  |r 2025-04-22  |w 2019-11-21  |y BK_X  |k CIM